| 000 | 00953nam a2200325 a 4500 | ||
|---|---|---|---|
| 001 | 19180 | ||
| 003 | BD-RjUL | ||
| 005 | 20211209000409.0 | ||
| 008 | 200203r19661942enk b 001 0 eng d | ||
| 020 | _a0140550283 | ||
| 035 | _a(BD-RjUL)19238 | ||
| 035 | _a(OCoLC)3061387 | ||
| 040 |
_aIAK _cIAK _dBD-RjUL _beng |
||
| 041 | _aeng | ||
| 082 | 0 | 0 |
_a801 _bWET 1966 _219 |
| 100 | 1 |
_aWellek, René. _953808 |
|
| 245 | 1 | 0 |
_aTheory of literature / _cRené Wellek and Austin Warren. |
| 250 | _a3rd( revised) ed. | ||
| 260 |
_aLondon : _bJonathan cape, _c1966 |
||
| 300 |
_a374 p. ; _c22 cm. |
||
| 504 | _aBibliography: p. 317-357. | ||
| 504 | _aIncludes index. | ||
| 650 | 0 |
_aLiterature _xPhilosophy. _953804 |
|
| 650 | 0 |
_aCriticism. _959007 |
|
| 650 | 0 |
_aLiterature _xStudy and teaching. _959008 |
|
| 650 | 0 |
_aLiterature _xAesthetics. _93378 |
|
| 700 | 1 |
_aWarren, Austin, _d1899-1986 _9238780 |
|
| 830 | 0 |
_aPeregrine books. _9238781 |
|
| 942 |
_2ddc _cBK |
||
| 999 |
_c19180 _d19180 |
||